|
|
|
|
| LEADER |
00000nam a2200000Ii 4500 |
| 001 |
DIGEDUNAV0233 |
| 003 |
NyNyDIG |
| 006 |
m o d |
| 007 |
cr ||||||||||| |
| 008 |
220611s2007 sp ob 000 0 spa d |
| 035 |
|
|
|a (OCoLC)847483966
|
| 040 |
|
|
|a DGITA
|b eng
|e rda
|e pn
|c DGITA
|
| 020 |
|
|
|z 9788431324803
|
| 050 |
1 |
4 |
|a BT111.2 ebook
|
| 100 |
1 |
|
|a Wozniak, Robert Józef,
|d 1974-
|e author.
|
| 245 |
1 |
0 |
|a Primitas et plenitudo :
|b Dios padre en la teología trinitaria de San Buenaventura /
|c Robert Józef Wozniak.
|
| 246 |
3 |
0 |
|a Dios padre en la teología trinitaria de San Buenaventura
|
| 264 |
|
1 |
|a Pamplona, España :
|b EUNSA, Ediciones Universidad de Navarra,
|c [2007]
|
| 300 |
|
|
|a 1 online resource.
|
| 336 |
|
|
|a text
|b txt
|2 rdacontent
|
| 337 |
|
|
|a computer
|b c
|2 rdamedia
|
| 338 |
|
|
|a online resource
|b cr
|2 rdacarrier
|
| 347 |
|
|
|a text file
|2 rdaft
|
| 347 |
|
|
|b PDF
|
| 490 |
1 |
|
|a Colección Teológica ;
|v 117
|
| 504 |
|
|
|a Includes bibliographical references.
|
| 588 |
0 |
|
|a Online resource; title from PDF title page (Digitalia, viewed June 11, 2022)
|
| 600 |
0 |
0 |
|a Bonaventure,
|c Saint, Cardinal,
|d approximately 1217-1274.
|
| 650 |
|
0 |
|a Trinity.
|
| 650 |
|
0 |
|a God (Christianity)
|
| 650 |
|
0 |
|a Theology, Doctrinal.
|
| 655 |
|
0 |
|a Electronic books.
|
| 791 |
2 |
|
|a Digitalia (Firm),
|e distributor.
|
| 793 |
0 |
|
|g Digitalia eBook Collection:
|a Ediciones Universidad de Navarra
|
| 776 |
0 |
8 |
|i Print version:
|a Wozniak, Robert Józef, 1974-
|t Primitas et plenitudo.
|b Primera edición.
|d Pamplona, España : EUNSA, Ediciones Universidad de Navarra, [2007]
|z 9788431324803
|
| 830 |
|
0 |
|a Colección teológica ;
|v 117.
|
| 856 |
4 |
0 |
|3 Digitalia Hispánica
|u https://www.digitaliapublishing.com/a/51602/
|
| 910 |
|
|
|a Premium collection: 2022
|